Operation function analysis : (Record no. 344517)

000 -LEADER
fixed length control field 00660 a2200181 4500
020 ## - INTERNATIONAL STANDARD BOOK NUMBER
International Standard Book Number 0442214243
020 ## - INTERNATIONAL STANDARD BOOK NUMBER
International Standard Book Number 9780442214241
090 ## - LOCALLY ASSIGNED LC-TYPE CALL NUMBER (OCLC); LOCAL CALL NUMBER (RLIN)
-- 2014
-- 2014
100 1# - MAIN ENTRY--PERSONAL NAME
Personal name Bumbarger, Wm. Bruce.
245 10 - TITLE STATEMENT
Title Operation function analysis :
Remainder of title do it yourself /
Statement of responsibility, etc. Wm. Bruce Bumbarger.
260 ## - PUBLICATION, DISTRIBUTION, ETC.
Place of publication, distribution, etc. [S.l.] :
Name of publisher, distributor, etc. Van Nostrand Reinhold Company,
Date of publication, distribution, etc. 1998.
300 ## - PHYSICAL DESCRIPTION
Extent 288 p. ;
Dimensions 24 cm.
500 ## - GENERAL NOTE
General note Hardcover.
700 1# - ADDED ENTRY--PERSONAL NAME
Personal name Bumbarger, William Bruce.
856 40 - ELECTRONIC LOCATION AND ACCESS
Materials specified Amazon.com
Uniform Resource Identifier <a href="http://www.amazon.com/exec/obidos/ASIN/0442214243/chopaconline-20">http://www.amazon.com/exec/obidos/ASIN/0442214243/chopaconline-20</a>
856 40 - ELECTRONIC LOCATION AND ACCESS
Materials specified Amazon customer reviews
Uniform Resource Identifier <a href="http://www.chopac.org/cgi-bin/tools/azrev.pl?q=0442214243">http://www.chopac.org/cgi-bin/tools/azrev.pl?q=0442214243</a>
942 ## - ADDED ENTRY ELEMENTS (KOHA)
Institution code [OBSOLETE] NBS
Koha item type Book
Call number prefix 653.51 BUM
Holdings
Withdrawn status Lost status Damaged status Not for loan Permanent Location Current Location Date acquired Total Checkouts Full call number Barcode Date last seen Price effective from Koha item type
        Central Library (CL) Central Library (CL) 08/28/2013   653.51 BUM NBS533 08/28/2013 08/28/2013 Book
© 2023 Central Library, National University of Sciences and Technology. All Rights Reserved.